000 00759nam a2200253Ia 4500
003 OSt
005 20220926012127.0
006 a|||||r|||| 00| 0
007 ta
008 220923b |||||||| |||| 00| 0 eng d
020 _a0465032028
037 _cGeneral Book
040 _aRTL
_cRTL
_beng
041 _2eng
_aeng
082 _aY9(L:4), M8/TD
100 _aKleinman Arthur
_991725
245 0 _aIllness narratives
_b Sufferings, healing and the healing , and the human condition
260 _aNew York
_bBasic Books
_c1988
300 _axviii, 284p.
_ccm.
500 _aBibiliography: P 269-74
650 _aSociology of medicine
942 _hY9(L:4), M8/TD
_cGB
_2CC
999 _c621780
_d621780